Which Month...? Click Quiz - Statistics

General Stats
  • This quiz has been taken 60 times
  • The average score is 12 of 29
Answer Stats
Hint Answer % Correct
The first day of this month is dedicated to practical jokes and pranks. 4. April
75%
Has the fewest days. 2. February
71%
Has the longest name. 9. September
71%
Halloween takes place. 10. October
69%
The most famous Bavarian beer festival takes place. 10. October
69%
Thanksgiving takes place. 11. November
67%
Saint Patrick's day takes place. 3. March
65%
The 100th day of the year falls on this month. 4. April
60%
Veterans Day takes place. 11. November
56%
As mad as a ____ hare. 3. March
52%
Beginning of school year in the UK. 9. September
52%
It is named for the number "ten" in Latin. 12. December
46%
Christmas Eve in certain Orthodox countries, like Russia, takes place. 1. January
46%
Known as "enero" in Spanish. 1. January
46%
Men grow moustaches to raise awareness of men's health issues, esp. cancer. 11. November
44%
The French stormed the Bastille in 1789. 7. July
40%
It is the surname of a former British PM. 5. May
38%
The zodiac sign of those born in this month is either Gemini or Cancer. 6. June
38%
Named after the Roman God of war. 3. March
35%
The coldest month in Australia. 7. July
35%
It is a homonym of a modal verb. 5. May
31%
The Stonewall Riots started and now the Pride Month is celebrated in the US. 6. June
29%
Russia invaded Ukraine in 2014 and then again in 2022. 2. February
27%
The Brazilian carnival typically takes place. 2. February
21%
World War II ended. 5. May
19%
The Mayan calendar led many to believe the world will end in this month in 2012. 12. December
15%
Hurricane Katrina hit the USA in 2005. 8. August
13%
Originally called "Sextillis". 8. August
10%
The Earth is closest to the Sun. 1. January
4%
No matching quizzes found
Score Distribution
Percent of People with Each Score
Percentile by Number Answered
Your Score History
You have not taken this quiz